000 00701nam a2200229Ia 4500
003 OSt
005 20220926002629.0
006 a|||||r|||| 00| 0
007 ta
008 220923b |||||||| |||| 00| 0 eng d
037 _cGeneral Book
040 _aRTL
_cRTL
_beng
041 _2eng
_aeng
082 _aX.211W.N6, K5
110 _aNational Council of Applied Economic Research (New Delhi)
245 0 _aTechno-economic survey of Pondicherry
260 _a New Delhi
_bNCAER
_c1965
650 _aTamil Nadu Economics
_9295152
700 _aNational Council of Applied Economic Research (New Delhi)
942 _hX.211W.N6, K5
_cGB
_2CC
999 _c605662
_d605662